Способы формирования общественного мнения в контексте философского образования; Актуальные проблемы социальной философии

Dades bibliogràfiques
Parent link:Актуальные проблемы социальной философии.— 2005.— С. 119-121
Autor principal: Кондратьева И. В. Ирина Владимировна
Idioma:rus
Publicat: 2005
Matèries:
Format: Capítol de llibre
KOHA link:https://koha.lib.tpu.ru/cgi-bin/koha/opac-detail.pl?biblionumber=92887

MARC

LEADER 00000naa2a2200000 4500
001 92887
005 20231031104916.0
035 |a (RuTPU)RU\TPU\book\99493 
090 |a 92887 
100 |a 20060321d2005 k y0rusy50 ca 
101 0 |a rus 
102 |a RU 
200 1 |a Способы формирования общественного мнения в контексте философского образования  |f И. В. Кондратьева 
463 0 |0 (RuTPU)RU\TPU\book\95664  |t Актуальные проблемы социальной философии  |o сборник трудов I Всероссийской научно-практической конференции, Томск, 25-26 октября 2005 г.  |h вып. 3  |f Томский политехнический университет; гл. ред. А. А. Корниенко  |v С. 119-121  |d 2005  |p 213 с. 
610 1 |a общественное мнение 
610 1 |a философское образование 
610 1 |a СМИ 
610 1 |a средства массовой информации 
610 1 |a информирование 
610 1 |a воспитание 
610 1 |a организация 
610 1 |a труды учёных ТПУ 
700 1 |a Кондратьева  |b И. В.  |c специалист в области культурологии и социальной коммуникации  |c ассистент Томского политехнического университета  |f 1983-  |g Ирина Владимировна  |2 stltpush  |3 (RuTPU)RU\TPU\pers\25769 
801 1 |a RU  |b 63413507  |c 20060321  |g PSBO 
801 2 |a RU  |b 63413507  |c 20110113  |g RCR 
942 |c BK